|
|
|
|
| LEADER |
00000cam a22000004a 4500 |
| 001 |
musev2_73036 |
| 003 |
MdBmJHUP |
| 005 |
20230905051528.0 |
| 006 |
m o d |
| 007 |
cr||||||||nn|n |
| 008 |
190619t20192019ctu o 00 0 eng d |
| 020 |
|
|
|a 9780819578648
|
| 020 |
|
|
|z 9780819578624
|
| 035 |
|
|
|a (OCoLC)1097985155
|
| 040 |
|
|
|a MdBmJHUP
|c MdBmJHUP
|
| 245 |
0 |
0 |
|a Music and Modernity among First Peoples of North America /
|c edited by Victoria Lindsay Levine and Dylan Robinson.
|
| 264 |
|
1 |
|a Middletown, Connecticut :
|b Wesleyan University Press,
|c [2019]
|
| 264 |
|
3 |
|a Baltimore, Md. :
|b Project MUSE,
|c 2021
|
| 264 |
|
4 |
|c ©[2019]
|
| 300 |
|
|
|a 1 online resource (360 pages):
|b illustrations, musique ;
|
| 336 |
|
|
|a text
|b txt
|2 rdacontent
|
| 337 |
|
|
|a computer
|b c
|2 rdamedia
|
| 338 |
|
|
|a online resource
|b cr
|2 rdacarrier
|
| 490 |
0 |
|
|a Music/Culture
|
| 588 |
|
|
|a Description based on print version record.
|
| 650 |
|
7 |
|a Music.
|2 fast
|0 (OCoLC)fst01030269
|
| 650 |
|
7 |
|a Indians of North America
|x Social life and customs.
|2 fast
|0 (OCoLC)fst00969907
|
| 650 |
|
7 |
|a Indians of North America
|x Music.
|2 fast
|0 (OCoLC)fst00969860
|
| 650 |
|
7 |
|a Ethnomusicology.
|2 fast
|0 (OCoLC)fst00916186
|
| 650 |
|
6 |
|a Ethnomusicologie
|z Amerique du Nord.
|
| 650 |
|
6 |
|a Indiens d'Amerique
|z Amerique du Nord
|x Moeurs et coutumes.
|
| 650 |
|
6 |
|a Musique
|z Amerique du Nord
|x Histoire et critique.
|
| 650 |
|
6 |
|a Indiens d'Amerique
|z Amerique du Nord
|x Musique
|x Histoire et critique.
|
| 650 |
|
0 |
|a Ethnomusicology
|z North America.
|
| 650 |
|
0 |
|a Indians of North America
|x Social life and customs.
|
| 650 |
|
0 |
|a Music
|z North America
|x History and criticism.
|
| 650 |
|
0 |
|a Indians of North America
|x Music
|x History and criticism.
|
| 651 |
|
7 |
|a North America.
|2 fast
|0 (OCoLC)fst01242475
|
| 655 |
|
7 |
|a Criticism, interpretation, etc.
|2 fast
|0 (OCoLC)fst01411635
|
| 655 |
|
7 |
|a Electronic books.
|2 local
|
| 700 |
1 |
|
|a Robinson, Dylan,
|e éditeur intellectuel.
|
| 700 |
1 |
|
|a Levine, Victoria Lindsay,
|d 1954-
|e éditeur intellectuel.
|
| 710 |
2 |
|
|a Project Muse.
|e distributor
|
| 830 |
|
0 |
|a Book collections on Project MUSE.
|
| 856 |
4 |
0 |
|z Texto completo
|u https://projectmuse.uam.elogim.com/book/73036/
|
| 945 |
|
|
|a Project MUSE - Custom Collection
|
| 945 |
|
|
|a Project MUSE - 2019 Complete Supplement
|
| 945 |
|
|
|a Project MUSE - 2019 Film, Theater and Performing Arts Supplement
|
| 945 |
|
|
|a Project MUSE - 2019 Native American and Indigenous Studies Supplement
|